000 00832nam a2200253Ia 4500
003 OSt
005 20220926013553.0
006 a|||||r|||| 00| 0
007 ta
008 220923b |||||||| |||| 00| 0 eng d
020 _a0471263702
037 _cGeneral Book
040 _aRTL
_cRTL
_beng
041 _2eng
_aeng
082 _aB281, L3
100 _aFleiss Joseph L
_9318593
245 0 _aStatistical methods for rates and proportions
260 _aNew York
_bJohn Wiley
_c1973
300 _axiii,223p.
_ccm.
490 _aWiley Series in Probability and Mathematical Statistics. Ed by RA Bradley etc.. Wiley Publication in Applied Statistics
500 _aBibliography at the end of each chapter; Appendix P 114-208
942 _hB281, L3
_cGB
_2CC
999 _c626291
_d626291